PRINCIPLES OF POLITICAL SCIENCE (Record no. 5714)

MARC details
000 -LEADER
fixed length control field 00329nam a22001337a 4500
005 - DATE AND TIME OF LATEST TRANSACTION
control field 20210831130430.0
008 - FIXED-LENGTH DATA ELEMENTS--GENERAL INFORMATION
fixed length control field 180628b xxu||||| |||| 00| 0 eng d
041 ## - LANGUAGE CODE
Language code of text/sound track or separate title eng
100 ## - MAIN ENTRY--AUTHOR NAME
Personal name KAPUR, DR ANUP CHAND
245 ## - TITLE STATEMENT
Title PRINCIPLES OF POLITICAL SCIENCE
260 ## - PUBLICATION, DISTRIBUTION, ETC. (IMPRINT)
Place of publication NEW DELHI
Name of publisher S CHAND
Year of publication 1950
300 ## - PHYSICAL DESCRIPTION
Number of Pages 832p,
942 ## - ADDED ENTRY ELEMENTS (KOHA)
Koha item type Books
Holdings
Lost status Damaged status Collection code Home library Current library Shelving location Date acquired Cost, normal purchase price Accession Number Koha item type
    LAW JRU Library JRU Library SHELF-30-F 28/06/2018 525.00 22389 Books
    LAW JRU Library JRU Library SHELF-30-F 28/06/2018 525.00 22390 Books